Ключ к процветанию (Запись № 1360658)

Подробности
000 -МАРКЕР
контрольное поле 01927nam0a2200433 4500
001 - ИДЕНТИФИКАТОР ЗАПИСИ
контрольное поле RU\NLR\bibl\1432114
005 - ИДЕНТИФИКАТОР ВЕРСИИ
контрольное поле 20260405211609.0
010 ## - МЕЖДУНАРОДНЫЙ СТАНДАРТНЫЙ НОМЕР КНИГИ (ISBN)
Номер (ISBN) 978-5-9614-1112-6
Тираж 3000
021 ## - НОМЕР ГОСУДАРСТВЕННОЙ РЕГИСТРАЦИИ
Код страны Российская Федерация
Номер 2009-70413
Номер Листа государственной регистраци 4366
035 ## - ДРУГИЕ СИСТЕМНЫЕ НОМЕРА
Идентификатор записи (nilc)RSL-KNO-004378337
035 ## - ДРУГИЕ СИСТЕМНЫЕ НОМЕРА
Идентификатор записи KML\BIBL\0000012689
035 ## - ДРУГИЕ СИСТЕМНЫЕ НОМЕРА
Идентификатор записи (NLR Aleph) 001424025
100 ## - ДАННЫЕ ОБЩЕЙ ОБРАБОТКИ
Данные общей обработки 20090827d2009 |||y0rusy50 ca
101 1# - ЯЗЫК РЕСУРСА
Язык текста, звукозаписи и т.д. русский
Язык оригинала английский
102 ## - СТРАНА ПУБЛИКАЦИИ ИЛИ ПРОИЗВОДСТВА
Страна публикации Российская Федерация
105 ## - ПОЛЕ КОДИРОВАННЫХ ДАННЫХ: ТЕКСТОВЫЕ МАТЕРИАЛЫ, МОНОГРАФИЧЕСКИЕ
Кодированные данные о монографическом текстовом документе y |||||||||
200 1# - ЗАГЛАВИЕ И СВЕДЕНИЯ ОБ ОТВЕТСТВЕННОСТИ
Основное заглавие Ключ к процветанию
Параллельное заглавие The Key to Prosperity
Сведения, относящиеся к заглавию перевод с английского
Первые сведения об ответственности Орисон Марден
Язык параллельного заглавия английский
210 ## - ПУБЛИКАЦИЯ, РАСПРОСТРАНЕНИЕ И ДР.
Место издания, распространения и т.д. Москва
Имя издателя, распространителя и т. д. Альпина Паблишерз
Дата издания, распространения и т.д. 2009
215 ## - ФИЗИЧЕСКАЯ ХАРАКТЕРИСТИКА
Специфическое обозначение материала и объем 311 с.
Размеры 19
225 1# - СЕРИЯ
Основное заглавие серии Библиотека мировых бестселлеров
300 ## - ОБЩИЕ ПРИМЕЧАНИЯ
Текст примечания Авт. также на англ. яз.: Orison Swett Marden
510 1# - ПАРАЛЛЕЛЬНОЕ ЗАГЛАВИЕ
Параллельное заглавие The Key to Prosperity
Язык заглавия английский
606 1# - НАИМЕНОВАНИЕ ТЕМЫ КАК ПРЕДМЕТ
Наименование темы Успех
Формальный подзаголовок Популярные издания
Тематический подзаголовок Социально-психологические исследования
Системный номер авторитетной/нормативной записи 2074287
Идентификатор авторитетной/нормативной записи RU\NLR\auth\661249276
606 1# - НАИМЕНОВАНИЕ ТЕМЫ КАК ПРЕДМЕТ
Наименование темы Стратегии жизненные
Формальный подзаголовок Популярные издания
Тематический подзаголовок Социально-психологические исследования
Системный номер авторитетной/нормативной записи 2118324
Идентификатор авторитетной/нормативной записи RU\NLR\auth\661279459
686 ## - ИНДЕКСЫ ДРУГИХ КЛАССИФИКАЦИЙ
Индекс Ю949.2,0
Код системы
686 ## - ИНДЕКСЫ ДРУГИХ КЛАССИФИКАЦИЙ
Индекс 0016
-- Практическая психология. Психотерапия
Код системы
686 ## - ИНДЕКСЫ ДРУГИХ КЛАССИФИКАЦИЙ
Индекс С550.422.1я9
686 ## - ИНДЕКСЫ ДРУГИХ КЛАССИФИКАЦИЙ
Индекс С550.47я9
700 #1 - ИМЯ ЛИЦА - ПЕРВИЧНАЯ ОТВЕТСТВЕННОСТЬ
Код отношения Автор
Материалы, к которым относится поле rus
Графика поля Кириллица
Начальный элемент ввода Марден
Часть имени, кроме начального элемента ввода О. С.
Даты 1848-1924
Расширение инициалов личного имени Орисон Суэт
Идентификатор авторитетной/нормативной записи RU\NLR\auth\7794718
Системный номер авторитетной/нормативной записи 77644
790 #1 - ИМЯ ЛИЦА - АЛЬТЕРНАТИВНАЯ ФОРМА
Код отношения Автор
Материалы, к которым относится поле eng
Графика поля Латинская
Начальный элемент ввода Marden
Часть имени, кроме начального элемента ввода О. S.
Даты 1848-1924
Расширение инициалов личного имени Оrison Swett
Идентификатор авторитетной/нормативной записи RU\NLR\auth\7794719
Системный номер авторитетной/нормативной записи 77645
801 #0 - ИСТОЧНИК ЗАПИСИ
Страна Российская Федерация
Организация РКП
Дата составления 20090827
Правила каталогизации rcr
801 #1 - ИСТОЧНИК ЗАПИСИ
Страна Российская Федерация
Организация РГБ
Дата составления 20090827
801 #2 - ИСТОЧНИК ЗАПИСИ
Страна Российская Федерация
Организация НБР Коми
Дата составления 20091015
801 #2 - ИСТОЧНИК ЗАПИСИ
Страна Российская Федерация
Организация NLR
Дата составления 20091029
Правила каталогизации rcr
830 ## - ОБЩЕЕ ПРИМЕЧАНИЕ, СОСТАВЛЕННОЕ КАТАЛОГИЗАТОРОМ
Текст примечания авт. по кн.
942 ## - ДОПОЛНИТЕЛЬНЫЕ ЭЛЕМЕНТЫ ЗАПИСИ (АБИС)
Тип экземпляра АБИС Книга
980 ## - КОЛЛЕКЦИЯ
Название коллекции Национальная библиография
Экземпляры
Тип экземпляра Дата поступления Источник поступления Библиотека постоянного хранения Библиотека текущего хранения Место хранения Шифр хранения Штрих-код Статус экземпляра
Книга 29.10.2009 Обязательный экземпляр РНБ (Московский) РНБ (Московский) Русский книжный фонд: издания с 1957 года 2009-3/34655 3028095  
Книга 29.10.2009 Обязательный экземпляр РНБ (Московский) РНБ (Московский) Русский книжный фонд: издания с 1957 года 2009-3/34655 3028096